| 000 | 00440nam a2200181Ia 4500 | ||
|---|---|---|---|
| 001 | 22837 | ||
| 005 | 20260414150857.0 | ||
| 008 | 260414t2007||||xx |||||||||||||| ||spa|| | ||
| 041 | _aESP | ||
| 082 |
_a624.151 _bL87 Nº 9 |
||
| 100 |
_aLópez Jimeno, Carlos _eAUT |
||
| 245 | 0 |
_aIngeniería del terreno : _bingeoter |
|
| 260 | _c2007 | ||
| 300 |
_a439 páginas : _c25 cm. |
||
| 650 | _a0 | ||
| 654 | _aCIC | ||
| 942 |
_cLIB _dJUS _fJUS _2ddc _n |
||
| 999 |
_c22837 _d22837 |
||